00719pam a2200193 a 4500020001500000020002200015040000800037082003800045110004200083245002400125260008100149300003500230490013300265650001300398650001200411700001900423700002000442856006300462 a0521324505 a0521310113 (pbk.) cDLC00a599 CAM 1986 A062 Or.a599.8/04382 aInternational Primatological Society.10aPrimate evolution / aCambridge [Cambridgeshire] ;aNew York :bCambridge University Press,c1986. axvii, 333 p. :bill. ;c24 cm.1 aSelected proceedings of the Tenth Congress of the International Primatological Society : held in Nairobi, Kenya, in July, 1984 ; 0aPrimates 0aMammals1 aElse, James G.1 aLee, Phyllis C.42uhttp://www.loc.gov/catdir/description/cam032/86008292.html